Uniform standards of professional appraisal practice (Record no. 115589)

MARC details
000 -LEADER
fixed length control field 01180cam a22002175a 4500
001 - CONTROL NUMBER
control field L158925
008 - FIXED-LENGTH DATA ELEMENTS--GENERAL INFORMATION
fixed length control field 151008s2015 xxk f 000 0 eng d
020 ## - INTERNATIONAL STANDARD BOOK NUMBER
International Standard Book Number 9780989220828
035 ## - SYSTEM CONTROL NUMBER
System control number (Sirsi) u158925
041 0# - LANGUAGE CODE
Language code of text/sound track or separate title eng
100 4# - MAIN ENTRY--PERSONAL NAME
Personal name The Appraisal Foundation Appraisal Standards Board
245 00 - TITLE STATEMENT
Title Uniform standards of professional appraisal practice
Remainder of title 2016-2017
250 ## - EDITION STATEMENT
Edition statement 2016-2017
260 ## - PUBLICATION, DISTRIBUTION, ETC.
Place of publication, distribution, etc. Washington DC
Name of publisher, distributor, etc. The Appraisal Foundation Appraisal Standards Board
Date of publication, distribution, etc. 2015
300 ## - PHYSICAL DESCRIPTION
Extent 215p ; 28cm
520 ## - SUMMARY, ETC.
Summary, etc. The Uniform Standards of Professional Appraisal Practice (USPAP) produced by the Appraisal Standards Board of the Appraisal Foundation are regarded as being the generally accepted and recognised standards of appraisal (valuation) practice in the United States of America. They are divided into five sections, Definitions, Preamble, Rules, Standards (including Standards Rules) and Statements on Appraisal Standards. Also includes Advisory Opinions and Frequency Asked Questions in addition to the main Standards. Effective from 1 January 2016 to 31 December 2017.
590 ## - LOCAL NOTE (RLIN)
Local note KA
651 #4 - SUBJECT ADDED ENTRY--GEOGRAPHIC NAME
Geographic name United States
690 ## - LOCAL SUBJECT ADDED ENTRY--TOPICAL TERM (OCLC, RLIN)
Topical term or geographic name as entry element Valuation
9 (RLIN) 6273
942 ## - ADDED ENTRY ELEMENTS (KOHA)
Suppress in OPAC 0
Holdings
Withdrawn status Lost status Source of classification or shelving scheme Damaged status Not for loan Home library Current library Shelving location Date acquired Total Checkouts Full call number Barcode Date last seen Copy number Price effective from Koha item type
    Dewey Decimal Classification     London London Folio 08/10/2015   F333.332 APP 30078975 06/08/2019 1 06/08/2019 Book